000 01067nam0a2200313 4500
001 RU\NLR\BIBL_A\022639031
005 20260406090229.0
010 _a978-5-04-222087-6
_96000
035 _a(NLR Aleph) 022639031
090 _a13497654
_c13497654
100 _a20251008d2025 u y0rusy50 ca
101 0 _arus
102 _aRU
105 _aao z 000ay
181 0 _ai3
_baxxe
182 0 _an
200 1 _aТы пахнешь как мечта
_fЭллин Ти
_gиллюстрации в книге Янины Клыга
203 _aТекст
_bвизуальный
_cнепосредственный
210 _aМосква
_cЭксмо, Like book
_d2025
215 _a476, [1] с.
_cил.
_d21
333 _a18+
686 2 _aШ6(2=Р)8-440.4
700 1 _7ca
_8rus
_aТи
_bЭ.
_cпсевдоним
_gЭллин
_3RU\NLR\AUTH\770280784
_92652751
702 1 _aКлыга
_bЯ.
_gЯнина
_4440
942 _cBOOK
980 _aNB